000 00334nam a22001337a 4500
041 _aENG
100 _aNair.K
245 _a A Dictionary Of Active Fiuency Combinations
250 _aSecond Ed
260 _aDelhi
_bAdult Faculties Council
_c1998
300 _a128
650 _aCompetitive Exam
856 _uCompetitive Exam ( 36 )
999 _c934
_d934